01412nab a22002417a 4500999001500000003000400015005001700019008004100036040000700077100003000084245011500114260007300229300001100302500004400313505043300357505009000790650002600880650004000906650003200946650003300978773014601011942001301157 c5434d5434OSt20250909100433.0190604e xxu||||| |||| 00| 0 spa d cPJ 96446aLerussi, Gustavo D.13aImpacto de la Ley de Riesgos próxima a su trigésimo aniversario. Aspectos positivos /cGustavo D. Lerussi. aCiudad Autónoma de Buenos Aires :bThomson Reuters La Ley, c2025. ap. 5-8 aCita Online: TR LALEY AR/DOC/134/2025.  aSumario: I. Introducción.— II. Antecedentes históricos y contexto legislativo.— III. Modificaciones legislativas y su impacto.— IV. Contingencias no previstas: COVID-19 y otros desafíos.— V. Jurisprudencia actual relevante en materia de intereses.— VI. Balance del sistema: datos actuales y viabilidad.— VII. Conclusión: hacia un equilibrio entre justicia y viabilidad.— VIII. Referencias bibliográficas. t¿Te interesa el texto completo? Solicitalo al correo: koha@justierradelfuego.gov.ar  091316aDERECHO LABORAL 091482aLEY SOBRE RIESGOS DEL TRABAJO 091417aACCIDENTES DE TRABAJO 091405aENFERMEDAD PROFESIONAL0 0271493171dCiudad Autónoma de Buenos Aires : Thomson Reuters La Ley, 2014-tRevista anales de legislación argentina. Nº 4 - Abril 2025. 2udccANA